000 00584nam a2200193Ia 4500
003 IN-BaIIA
008 211028s9999 xx 000 0 eng d
020 _a0-486-60413-6
040 _cIIA Library
080 _a524.3-5
_bCHA
100 _aChandrasekhar, S.
_91248
245 3 _aAn Introduction to the study of stellar structure
_cS. Chandrasekhar
260 _aNew York
_bDover Publications
_c1967
300 _a507p.
650 _aStellar Evolution
650 _aStellar Interiors
_91247
650 _aStellar Structure
942 _cBK
999 _c15477
_d15477